Name the London Underground Line by their Tube Stock - Statistics

General Stats
  • This quiz has been taken 17 times
  • The average score is 8 of 11
Answer Stats
Hint Answer % Correct
1972 Stock Bakerloo Line
87%
1995 Stock Northern Line
80%
S7 Stock (Yellow) Circle Line
73%
S8 Stock Metropolitan Line
73%
1992 Stock Central Line
67%
S7 Stock (Green) District Line
67%
1996 Stock Jubilee Line
67%
2009 Stock Victoria Line
67%
S7 Stock (Pink) Hammersmith & City Line
60%
1973 Stock Piccadilly Line
60%
1992 Stock (3 Car) Waterloo & City Line
60%
No matching quizzes found
Score Distribution
Percent of People with Each Score
Percentile by Number Answered
Your Score History
You have not taken this quiz